000
002720000a22001090004500
041
0
_a
ENG
082
0
4
_a
AV 0240
245
1
0
_a
Not my parents : a teen selective on parent-teen and family relations / Fern Robertson, Editor
300
_a
32 Pág.
001
14109
942
_c
BK
999
_c
43022
_d
43022